000 00416nam a2200157Ia 4500
005 20241223115041.0
008 231217s9999 xx 000 0 und d
020 _a9788131408353
082 _a339.46 CHA;1 R
100 _aChakraborty, Amrita ed.
245 0 _aPoverty, food security and politics
260 _c2007
_bIcfai
_aHyderabad
300 _avii, 200
650 _aPoverty,,food,politics
942 _cAA
999 _c190968
_d190968